000 00379nam a2200169Ia 4500
001 24552
003 IN-NITTTR
005 20251114233314.0
008 251113s9999||||xx |||||||||||||| ||eng||
040 _beng
040 _cIN-NITTTR
041 _aeng
082 _a005.133 H992J
100 _aHyde, Paul
245 0 _aJava thread programming /
_cHyde, Paul
942 _2ddc
_cBK
999 _c27181
_d27181